[Event "8th Asia-ch"]
[Site "Subic Bay Free Port PHI"]
[Date "2010.04.28"]
[Round "8"]
[White "Al-Huwar, Jasem"]
[Black "Datu, Alcon John"]
[Result "1-0"]
[WhiteElo "2308"]
[BlackElo "2220"]
[EventDate "2010.04.21"]
[PlyCount "95"]

1.Nf3 Nf6 2.g3 d5 3.Bg2 c6 4.O-O Bf5 5.d3 Nbd7 6.c4 e6 7.Nc3 Be7 8.cxd5 
cxd5 9.e4 dxe4 10.dxe4 Nxe4 11.Nd4 Nxc3 12.bxc3 Nc5 13.Nxf5 exf5 14.Qf3 
O-O 15.Qxf5 Qd3 16.Qxd3 Nxd3 17.Be3 Rac8 18.Bxb7 Rxc3 19.Rfd1 Nc5 20.Bd5 
Rd8 21.Rab1 Kf8 22.Bf3 Rxd1+ 23.Rxd1 Ra3 24.Rc1 Ra5 25.a4 f6 26.Bc6 Nd3 
27.Rc3 Ne5 28.Bb5 a6 29.Rc8+ Kf7 30.Ra8 Rxb5 31.axb5 axb5 32.Ra5 Nc4 33.
Rxb5 Nxe3 34.fxe3 Bd6 35.Rb7+ Kg6 36.g4 Be5 37.Kg2 Kh6 38.h3 g5 39.Kf3 Kg6
40.Ke4 Bg3 41.Kd5 h5 42.Re7 hxg4 43.hxg4 Bh2 44.Ke6 Bg1 45.e4 Bh2 46.Re8 
Be5 47.Rg8+ Kh7 48.Kf7 1-0

[Event "8th Asia-ch"]
[Site "Subic Bay Free Port PHI"]
[Date "2010.04.28"]
[Round "8"]
[White "Segarra, Randy"]
[Black "De Ramos, Julius"]
[Result "1-0"]
[WhiteElo "2298"]
[BlackElo "2314"]
[EventDate "2010.04.21"]
[PlyCount "77"]

1.e4 e6 2.d4 d5 3.Nc3 Nf6 4.e5 Nfd7 5.Nf3 c5 6.dxc5 Nc6 7.Bf4 Bxc5 8.Bd3 
f6 9.exf6 Nxf6 10.Qe2 O-O 11.O-O-O Bd7 12.h4 Rc8 13.Kb1 Kh8 14.h5 Nd4 15.
Nxd4 Bxd4 16.h6 g6 17.Nb5 Bxb5 18.Bxb5 Ne4 19.Rxd4 Rxf4 20.f3 Qf6 21.Qe3 
a6 22.Be2 Qg5 23.Rhd1 Rf5 24.Qxg5 Nxg5 25.c4 Rd8 26.f4 Nf7 27.cxd5 Rfxd5 
28.Rxd5 exd5 29.Rc1 Nxh6 30.Rc7 d4 31.Bd3 Rf8 32.Rxb7 Rxf4 33.Bxa6 Nf5 34.
Bd3 Ne3 35.a4 Nxg2 36.a5 Ne1 37.a6 Nxd3 38.a7 Rf1+ 39.Ka2 1-0

[Event "8th Asia-ch"]
[Site "Subic Bay Free Port PHI"]
[Date "2010.04.28"]
[Round "8"]
[White "Lu Yijie"]
[Black "Florendo, Paulo James"]
[Result "0-1"]
[WhiteElo "2349"]
[BlackElo "2262"]
[EventDate "2010.04.21"]
[PlyCount "70"]

1.e4 c5 2.Nf3 e6 3.d4 cxd4 4.Nxd4 a6 5.Bd3 Qc7 6.c4 b6 7.Nc3 Bb7 8.O-O Nf6
9.Qe2 d6 10.f4 Nbd7 11.Bd2 Be7 12.Kh1 h5 13.Rf3 Rc8 14.Rh3 Qb8 15.f5 e5 
16.Nc2 Nc5 17.b4 Nxd3 18.Qxd3 Ng4 19.Rf3 Qc7 20.Na3 h4 21.Rff1 Nf6 22.Rac1
Qd8 23.Nd5 Nxd5 24.exd5 Bg5 25.Nb1 h3 26.g3 Bxd2 27.Nxd2 b5 28.Ne4 bxc4 
29.Rxc4 Rxc4 30.Qxc4 Qb6 31.g4 g6 32.a4 O-O 33.Ng5 Qe3 34.Nxh3 Rc8 35.Qa2 
Qd4 0-1

[Event "8th Asia-ch"]
[Site "Subic Bay Free Port PHI"]
[Date "2010.04.28"]
[Round "8"]
[White "Turqueza, Mari Joseph"]
[Black "Olay, Edgar Reggie"]
[Result "1/2-1/2"]
[WhiteElo "2087"]
[BlackElo "2304"]
[EventDate "2010.04.21"]
[PlyCount "216"]

1.d4 d5 2.Nf3 c6 3.g3 e6 4.Bg2 f5 5.O-O Nf6 6.c4 Bd6 7.b3 O-O 8.Bb2 Qe8 9.
Ne5 Nbd7 10.Nd3 g5 11.Ba3 Bxa3 12.Nxa3 h5 13.Qc1 Qg6 14.Kh1 Rf7 15.h4 Nh7 
16.hxg5 Nxg5 17.Bf3 Rh7 18.Kg2 h4 19.Rh1 h3+ 20.Kh2 Nf6 21.Ne5 Qg7 22.Qf4 
Bd7 23.Raf1 Kh8 24.Rhg1 Rg8 25.Nc2 Be8 26.Qe3 Bh5 27.Bxh5 Rxh5 28.f3 Ngh7 
29.Ne1 Rg5 30.N1d3 dxc4 31.bxc4 Rxg3 32.Nf7+ Qxf7 33.Rxg3 Rxg3 34.Kxg3 
Qg6+ 35.Kf2 Qg2+ 36.Ke1 h2 37.Qh6 Qg1 38.Nf4 h1=Q 39.Qxh1 Qg3+ 40.Kd2 
Qxf4+ 41.e3 Qd6 42.Rb1 b6 43.Rb3 c5 44.Qg1 Qc6 45.Rd3 Qa4 46.dxc5 Qxa2+ 
47.Ke1 Qa5+ 48.Kf2 bxc5 49.Qg3 Nf8 50.Qg5 N6h7 51.Qe7 Qa2+ 52.Kg3 Qxc4 53.
Rd8 Kg8 54.Rc8 Qd5 55.f4 Qe4 56.Kf2 c4 57.Rc7 Qc2+ 58.Kf3 Qd1+ 59.Kf2 Qg4 
60.Qf7+ Kh8 61.Rc8 Qh4+ 62.Ke2 Qh2+ 63.Kd1 Qg1+ 64.Ke2 Qg3 65.Kd1 Qg8 66.
Qxa7 Qg1+ 67.Ke2 Qg2+ 68.Ke1 Qg3+ 69.Ke2 Qg4+ 70.Ke1 Qg7 71.Qa6 Qg1+ 72.
Ke2 Qg2+ 73.Ke1 Qg3+ 74.Ke2 Qg2+ 75.Ke1 Kg7 76.Qxc4 Qg1+ 77.Ke2 Qh2+ 78.
Kd3 Qh1 79.Ke2 Qg2+ 80.Kd3 Nf6 81.Qd4 Qe4+ 82.Qxe4 Nxe4 83.Kd4 Ng6 84.Rc7+
Kf6 85.Rh7 Nd6 86.Rd7 Ne4 87.Rh7 Nf2 88.Rh2 Ng4 89.Rg2 Nh4 90.Ra2 Nf3+ 91.
Kd3 Ne1+ 92.Kd4 Nf3+ 93.Kd3 Nh4 94.Kd4 Ng6 95.Rg2 Kf7 96.Ra2 Nf6 97.Ra7+ 
Ne7 98.Ke5 Ne4 99.Rc7 Nf6 100.Ra7 Nd5 101.e4 fxe4 102.Kxe4 Kf6 103.Rd7 
Nc3+ 104.Kd3 Ned5 105.Rd8 Nb5 106.Ke4 Ndc7 107.Kf3 Ke7 108.Rc8 Ne8 1/2-1/2

[Event "8th Asia-ch"]
[Site "Subic Bay Free Port PHI"]
[Date "2010.04.28"]
[Round "8"]
[White "Causo, Deniel"]
[Black "Galvan, Jesus"]
[Result "1-0"]
[WhiteElo "2302"]
[BlackElo "2230"]
[EventDate "2010.04.21"]
[PlyCount "66"]

1.e4 e6 2.d4 d5 3.Nd2 dxe4 4.Nxe4 Nd7 5.Nf3 Ngf6 6.Bd3 Be7 7.Qe2 Nxe4 8.
Qxe4 Nf6 9.Qh4 c6 10.O-O Qa5 11.Ne5 Nd7 12.Qg3 Bf6 13.Nc4 Qd8 14.Nd6+ Kf8 
15.Nc4 Be7 16.Bf4 Nf6 17.Be5 Nh5 18.Qf3 Nf6 19.Rfe1 Ne4 20.Rxe4 f5 21.Re2 
h5 22.Bg3 Bd6 23.c3 Rh6 24.Rae1 g5 25.h4 Be7 26.hxg5 Bxg5 27.Bf4 Kf7 28.
Re5 Rg6 29.Rxf5+ Kg7 30.Be5+ Bf6 31.Rxf6 Rxf6 32.Qxh5 Bd7 33.Re3 Qh8 1-0

[Event "8th Asia-ch"]
[Site "Subic Bay Free Port PHI"]
[Date "2010.04.28"]
[Round "8"]
[White "Mariano, Nelson"]
[Black "Paulo, Bersamina"]
[Result "1-0"]
[WhiteElo "2118"]
[BlackElo "1927"]
[EventDate "2010.04.21"]
[PlyCount "139"]

1.e4 c5 2.Ne2 g6 3.Nbc3 Bg7 4.g3 Nc6 5.Bg2 Nf6 6.O-O O-O 7.d3 d6 8.h3 a6 
9.f4 Bd7 10.g4 b5 11.Ng3 Rb8 12.Nce2 b4 13.Rb1 Qa5 14.Ra1 Ne8 15.f5 Qb5 
16.g5 Nd4 17.c4 Qa4 18.Qxa4 Bxa4 19.Nf4 Nc7 20.h4 Bd7 21.Nfe2 a5 22.f6 
exf6 23.gxf6 Bh8 24.Nxd4 cxd4 25.Bf4 Ne8 26.e5 Rd8 27.Rae1 Be6 28.Ne4 d5 
29.cxd5 Bxd5 30.Bh6 Bxa2 31.Bxf8 Kxf8 32.Ra1 b3 33.Nc5 a4 34.Nxa4 Rc8 35.
Rac1 Rc2 36.Rxc2 bxc2 37.Rc1 Bb1 38.Bd5 Nxf6 39.exf6 Bxf6 40.Bb3 Bxh4 41.
Bxc2 Ba2 42.b3 Bg5 43.Ra1 Be3+ 44.Kg2 Bxb3 45.Bxb3 f5 46.Nc5 Kg7 47.Ra7+ 
Kh6 48.Ne6 g5 49.Nf8 g4 50.Be6 Kg5 51.Bxf5 Kxf5 52.Rxh7 Kf4 53.Rf7+ Ke5 
54.Kg3 Kd5 55.Kxg4 Kc5 56.Rc7+ Kd5 57.Kf5 Bh6 58.Ne6 Be3 59.Ng5 Kd6 60.Rc2
Kd7 61.Ne4 Ke7 62.Rc7+ Kd8 63.Rh7 Kc8 64.Ke6 Bf4 65.Nd6+ Kb8 66.Kd5 Ka8 
67.Kc6 Be5 68.Nc4 Bf6 69.Nb6+ Kb8 70.Rb7# 1-0

[Event "8th Asia-ch"]
[Site "Subic Bay Free Port PHI"]
[Date "2010.04.29"]
[Round "9"]
[White "Li Chao"]
[Black "Sethuraman, Panayapan"]
[Result "1/2-1/2"]
[WhiteElo "2613"]
[BlackElo "2493"]
[EventDate "2010.04.21"]
[PlyCount "112"]

1.e4 e6 2.d4 d5 3.Nc3 Nf6 4.e5 Nfd7 5.f4 c5 6.Nf3 Nc6 7.Be3 Be7 8.Qd2 O-O 
9.Be2 b6 10.O-O Bb7 11.Kh1 a6 12.a3 Qc7 13.Rae1 Rad8 14.Bd3 f6 15.exf6 
Bxf6 16.Bg1 Rfe8 17.Be2 cxd4 18.Nxd4 Nc5 19.Bg4 Nxd4 20.Bxd4 Ne4 21.Qe3 
Bxd4 22.Qxd4 Qc5 23.Qxc5 Nxc5 24.Ne2 e5 25.fxe5 Rxe5 26.Nd4 Re4 27.Rxe4 
dxe4 28.Nf5 g6 29.Ne3 h5 30.Be2 b5 31.g4 Rd2 32.Bd1 h4 33.Kg1 Kg7 34.Rf2 
Rd8 35.Be2 Na4 36.g5 Rd6 37.b3 Nc3 38.Bg4 Bc6 39.Kg2 Nd5 40.Nxd5 Rxd5 41.
Kh3 Rxg5 42.Kxh4 Rc5 43.Kg3 Rc3+ 44.Kf4 Kf6 45.h4 a5 46.Rd2 a4 47.Rd6+ Kf7
48.bxa4 bxa4 49.Bd1 Be8 50.Kxe4 Rxa3 51.c4 Rc3 52.Kd4 Rh3 53.Ra6 a3 54.Ke5
Re3+ 55.Kd4 Rh3 56.Ke5 Re3+ 1/2-1/2

[Event "8th Asia-ch"]
[Site "Subic Bay Free Port PHI"]
[Date "2010.04.29"]
[Round "9"]
[White "Zeng Chongsheng"]
[Black "Nguyen Ngoc Truong Son"]
[Result "1/2-1/2"]
[WhiteElo "2350"]
[BlackElo "2642"]
[EventDate "2010.04.21"]
[PlyCount "104"]

1.d4 Nf6 2.Nf3 g6 3.c4 Bg7 4.g3 O-O 5.Bg2 c6 6.Nc3 d5 7.Qb3 dxc4 8.Qxc4 
Be6 9.Qd3 Na6 10.O-O Bf5 11.Qc4 Qb6 12.e3 Rac8 13.Qe2 c5 14.Na4 Qa5 15.b3 
Nb4 16.Bd2 Ne4 17.Rac1 Qa6 18.Qxa6 Nxa6 19.dxc5 Bd7 20.Nc3 Nxd2 21.Nxd2 
Nxc5 22.Nd5 Rfe8 23.Ne4 Nxe4 24.Rxc8 Bxc8 25.Bxe4 e6 26.Nc7 Rd8 27.Nb5 a6 
28.Na7 b6 29.Rc1 Bd7 30.Rd1 Bf6 31.Rd6 Bb5 32.Nxb5 axb5 33.Rxb6 Rd2 34.a4 
bxa4 35.bxa4 Ra2 36.Bc6 Bc3 37.Kf1 Ra1+ 38.Kg2 Ra2 39.Rb1 h5 40.h3 Kg7 41.
g4 hxg4 42.hxg4 g5 43.Kf1 f5 44.Rb3 Bd2 45.Bd7 fxg4 46.Rb7 Kf6 47.Rb6 Ke7 
48.Bb5 g3 49.Rxe6+ Kxe6 50.Bc4+ Ke5 51.Bxa2 gxf2 52.Kxf2 g4 1/2-1/2

[Event "8th Asia-ch"]
[Site "Subic Bay Free Port PHI"]
[Date "2010.04.29"]
[Round "9"]
[White "Ghaem Maghami, Ehsan"]
[Black "Harika, Dronavalli"]
[Result "1/2-1/2"]
[WhiteElo "2575"]
[BlackElo "2473"]
[EventDate "2010.04.21"]
[PlyCount "156"]

1.Nf3 Nf6 2.g3 g6 3.Bg2 Bg7 4.c4 O-O 5.O-O d6 6.d4 Nc6 7.Nc3 a6 8.Qd3 Bf5 
9.e4 Bg4 10.Be3 Bxf3 11.Bxf3 Nd7 12.Bg2 e5 13.d5 Nd4 14.f4 c5 15.dxc6 bxc6
16.Rf2 Rb8 17.Raf1 f5 18.exf5 gxf5 19.Bxc6 Nxc6 20.Qd5+ Kh8 21.Qxc6 Nf6 
22.Rd2 Ng4 23.Ba7 Rc8 24.Qxd6 Qxd6 25.Rxd6 exf4 26.Rxf4 Ne5 27.Bd4 Nxc4 
28.Bxg7+ Kxg7 29.Rxa6 Nxb2 30.Ra7+ Kg6 31.Nd5 Rc1+ 32.Rf1 Rxf1+ 33.Kxf1 
Nd3 34.Ra6+ Kg5 35.Ra7 f4 36.Ke2 Nc1+ 37.Kf3 fxg3+ 38.Kxg3 Ne2+ 39.Kg2 
Nf4+ 40.Nxf4 Rxf4 41.a3 h5 42.Rg7+ Kf6 43.Rg3 Ra4 44.Kf1 h4 45.Re3 Kf5 46.
Ke2 Kg4 47.h3+ Kf4 48.Rf3+ Ke5 49.Kd2 Ra8 50.Kc2 Rg8 51.Kd3 Ra8 52.Kc4 
Rc8+ 53.Kb4 Rb8+ 54.Kc4 Rg8 55.Re3+ Kf4 56.Rd3 Rc8+ 57.Kb3 Rb8+ 58.Kc2 Ra8
59.Rc3 Ra7 60.Rb3 Ra8 61.Kd2 Ra7 62.Ke2 Rc7 63.Kd3 Rd7+ 64.Kc4 Rc7+ 65.Kd3
Rd7+ 66.Kc4 Rg7 67.Kd5 Rg3 68.Kc4 Rxb3 69.Kxb3 Kg3 70.a4 Kxh3 71.a5 Kg2 
72.a6 h3 73.a7 h2 74.a8=Q+ Kg1 75.Qg8+ Kh1 76.Qd5+ Kg1 77.Qg5+ Kh1 78.Qd2 
Kg1 1/2-1/2

[Event "8th Asia-ch"]
[Site "Subic Bay Free Port PHI"]
[Date "2010.04.29"]
[Round "9"]
[White "Bakre, Tejas"]
[Black "Megaranto, Susanto"]
[Result "1/2-1/2"]
[WhiteElo "2465"]
[BlackElo "2527"]
[EventDate "2010.04.21"]
[PlyCount "65"]

1.c4 Nf6 2.Nc3 e6 3.e4 d5 4.e5 Nfd7 5.cxd5 Nxe5 6.d4 Ng6 7.dxe6 Bxe6 8.d5 
Bc8 9.Nf3 Bd6 10.Bb5+ Nd7 11.O-O O-O 12.Bg5 f6 13.Be3 a6 14.Ba4 Nde5 15.
Nxe5 Nxe5 16.h3 Bf5 17.Bc2 Qd7 18.Bxf5 Qxf5 19.Qe2 Rfe8 20.Rad1 Rad8 21.
Rfe1 b5 22.a4 b4 23.Na2 Nd7 24.Nc1 Qe5 25.g3 Qf5 26.Kg2 Bc5 27.Qd3 Qe4+ 
28.Qxe4 Rxe4 29.Nd3 Bxe3 30.Rxe3 Rd4 31.Rc1 Nb6 32.Nf4 Nxd5 33.Nxd5 
1/2-1/2

[Event "8th Asia-ch"]
[Site "Subic Bay Free Port PHI"]
[Date "2010.04.29"]
[Round "9"]
[White "Khamrakulov, Dzhurabek"]
[Black "Yu Ruiyuan"]
[Result "1/2-1/2"]
[WhiteElo "2509"]
[BlackElo "2309"]
[EventDate "2010.04.21"]
[PlyCount "68"]

1.e4 d5 2.exd5 Qxd5 3.Nc3 Qa5 4.d4 Nf6 5.Nf3 c6 6.Bc4 Bf5 7.Bd2 Qc7 8.Qe2 
e6 9.Ne5 Nbd7 10.Nxd7 Qxd7 11.d5 O-O-O 12.dxe6 Bxe6 13.Bxe6 Qxe6 14.Qxe6+ 
fxe6 15.O-O-O Bc5 16.f3 Rd7 17.Rhe1 Re8 18.Ne4 Nxe4 19.Rxe4 Rd4 20.Rde1 
Rxe4 21.Rxe4 Bd6 22.Rh4 h6 23.Bc3 Re7 24.Rg4 g5 25.g3 Rf7 26.Re4 Kd7 27.
Re3 h5 28.Kd1 h4 29.gxh4 gxh4 30.h3 Rf5 31.Ke2 Rg5 32.Re4 Rg2+ 33.Kd3 Bg3 
34.Bf6 Rh2 1/2-1/2

[Event "8th Asia-ch"]
[Site "Subic Bay Free Port PHI"]
[Date "2010.04.29"]
[Round "9"]
[White "Nguyen Huynh Minh Huy"]
[Black "Gopal, Geetha Narayanan"]
[Result "1/2-1/2"]
[WhiteElo "2469"]
[BlackElo "2604"]
[EventDate "2010.04.21"]
[PlyCount "58"]

1.d4 Nf6 2.c4 g6 3.Nc3 d5 4.Nf3 Bg7 5.Bf4 O-O 6.e3 c5 7.dxc5 Qa5 8.Rc1 
dxc4 9.Bxc4 Qxc5 10.O-O Nc6 11.h3 Bf5 12.Qe2 Ne4 13.Nxe4 Bxe4 14.Nd2 Bd5 
15.Bxd5 Qxd5 16.Nb3 Rfd8 17.Rfd1 Qe4 18.a3 b6 19.Rxd8+ Nxd8 20.Qc2 Qxc2 
21.Rxc2 Ne6 22.Kf1 Kf8 23.Ke2 Ke8 24.Nc1 Kd7 25.Nd3 Rc8 26.Rxc8 Kxc8 27.
Be5 f6 28.Bc3 Kd7 29.Kd2 Nc7 1/2-1/2

[Event "8th Asia-ch"]
[Site "Subic Bay Free Port PHI"]
[Date "2010.04.29"]
[Round "9"]
[White "Djao Thien Hai"]
[Black "Gomez, John Paul"]
[Result "1/2-1/2"]
[WhiteElo "2523"]
[BlackElo "2507"]
[EventDate "2010.04.21"]
[PlyCount "60"]

1.d4 d5 2.c4 c6 3.cxd5 cxd5 4.Nc3 Nf6 5.Nf3 Nc6 6.Bf4 Bf5 7.e3 e6 8.Bd3 
Bxd3 9.Qxd3 Bd6 10.Bxd6 Qxd6 11.O-O O-O 12.h3 a6 13.Rfc1 Rfc8 14.Na4 Nd7 
15.Qd2 Ne7 16.Rxc8+ Rxc8 17.Rc1 Rxc1+ 18.Qxc1 Qc6 19.Qxc6 Nxc6 20.Kf1 b6 
21.Ke2 Kf8 22.Nc3 Ke7 23.Kd2 f6 24.Ke2 Kd6 25.Kd2 Na5 26.b3 Nc6 27.a3 Na5 
28.Kc2 Nc6 29.Nd2 Na5 30.Nf3 Nc6 1/2-1/2

[Event "8th Asia-ch"]
[Site "Subic Bay Free Port PHI"]
[Date "2010.04.29"]
[Round "9"]
[White "Wen Yang"]
[Black "Nguyen Thanh Son"]
[Result "1-0"]
[WhiteElo "2520"]
[BlackElo "2440"]
[EventDate "2010.04.21"]
[PlyCount "107"]

1.e4 c5 2.Nf3 d6 3.d4 cxd4 4.Nxd4 Nf6 5.Nc3 a6 6.Be3 e5 7.Nb3 Be6 8.f4 
exf4 9.Bxf4 Nc6 10.Qe2 Be7 11.h3 Qc7 12.O-O-O O-O 13.g4 Rfe8 14.g5 Nd7 15.
Qd2 Nce5 16.Nd4 Rac8 17.Nf5 Bxf5 18.exf5 Bf8 19.Nd5 Qc6 20.Kb1 Nb6 21.Bg2 
Nbc4 22.Qc1 Qb5 23.b3 Nb6 24.Rhe1 Nxd5 25.Bxd5 g6 26.f6 Rc3 27.Re3 Rec8 
28.Rxc3 Rxc3 29.Qd2 Rxh3 30.Bxe5 dxe5 31.Bc4 Qe8 32.Qd7 Qxd7 33.Rxd7 Ba3 
34.Rd8+ Bf8 35.Kb2 Rh4 36.Rd7 Rxc4 37.bxc4 h6 38.Rxb7 hxg5 39.Re7 g4 40.
Rxe5 g3 41.c5 g2 42.Rg5 Bxc5 43.Rxg2 Bd4+ 44.Kb3 Bxf6 45.Kc4 Kg7 46.Kd5 
Bc3 47.Rg3 Be1 48.Re3 Bb4 49.c4 g5 50.c5 Kg6 51.c6 Ba5 52.Re7 g4 53.c7 
Bxc7 54.Rxc7 1-0

[Event "8th Asia-ch"]
[Site "Subic Bay Free Port PHI"]
[Date "2010.04.29"]
[Round "9"]
[White "Garcia, Jan Emmanuel"]
[Black "Salem, A. R. Saleh"]
[Result "1-0"]
[WhiteElo "2315"]
[BlackElo "2483"]
[EventDate "2010.04.21"]
[PlyCount "79"]

1.c4 e5 2.g3 Nc6 3.Bg2 Bc5 4.Nc3 d6 5.e3 a6 6.a3 Ba7 7.b4 Nge7 8.Bb2 O-O 
9.Nd5 Bf5 10.d3 Qd7 11.Nxe7+ Qxe7 12.Ne2 Rad8 13.O-O Bg4 14.Qc2 f5 15.b5 
axb5 16.cxb5 Nb8 17.Nc3 Kh8 18.Nd5 Qd7 19.Qa4 Na6 20.Qc4 Nc5 21.d4 Ne4 22.
b6 Nd2 23.Qxc7 Qb5 24.bxa7 Qxb2 25.Rfc1 Nf3+ 26.Bxf3 Bxf3 27.Nb6 f4 28.
Rab1 Qa2 29.Qc4 Qd2 30.exf4 e4 31.Qc3 Qa2 32.a8=Q Rxa8 33.Nxa8 Qe6 34.Qc4 
Qh3 35.Qf1 Qf5 36.Nc7 h5 37.Rb5 Qf6 38.Nd5 Qxd4 39.Ne3 Ra8 40.Qh3 1-0

[Event "8th Asia-ch"]
[Site "Subic Bay Free Port PHI"]
[Date "2010.04.29"]
[Round "9"]
[White "Golizadeh, Asghar"]
[Black "Lu Shanglei"]
[Result "1-0"]
[WhiteElo "2454"]
[BlackElo "2340"]
[EventDate "2010.04.21"]
[PlyCount "77"]

1.e4 c5 2.Nf3 d6 3.d4 cxd4 4.Nxd4 Nf6 5.Nc3 a6 6.h3 e6 7.g4 Be7 8.Bg2 h6 
9.Be3 Qc7 10.Qe2 Nbd7 11.f4 Nb6 12.O-O-O Nc4 13.Kb1 Bd7 14.Bc1 Rc8 15.b3 
Qa5 16.Rd3 Ne5 17.fxe5 dxe5 18.Nf3 Rxc3 19.Rxc3 Qxc3 20.Bb2 Qc7 21.Nxe5 
Ba3 22.Bxa3 Qxe5 23.Rd1 Nd5 24.Bb2 Nc3+ 25.Bxc3 Qxc3 26.e5 Bc6 27.Qd3 Qxd3
28.Bxc6+ bxc6 29.Rxd3 Ke7 30.Rc3 Kd7 31.Rd3+ Ke7 32.Rd4 Rb8 33.Ra4 Rb6 34.
Ra5 Kd7 35.c4 Kc8 36.Kc2 Kc7 37.Kc3 Kb7 38.Kd4 Kc7 39.Ke4 1-0

[Event "8th Asia-ch"]
[Site "Subic Bay Free Port PHI"]
[Date "2010.04.29"]
[Round "9"]
[White "Nadera, Barlo"]
[Black "Rahman, Ziaur"]
[Result "0-1"]
[WhiteElo "2405"]
[BlackElo "2558"]
[EventDate "2010.04.21"]
[PlyCount "134"]

1.d4 d6 2.Nf3 Bg4 3.e3 Nd7 4.Be2 e6 5.c4 Ngf6 6.Nc3 Be7 7.h3 Bh5 8.O-O O-O
9.a3 c6 10.e4 Bg6 11.Bd3 e5 12.Re1 Re8 13.d5 Nc5 14.Bc2 a5 15.Rb1 cxd5 16.
cxd5 Rc8 17.Bd2 Nh5 18.Be3 Rf8 19.Kh2 h6 20.Rc1 Nf6 21.Nd2 Nfd7 22.Qe2 Bg5
23.Nc4 Bxe3 24.Nxe3 Nf6 25.f3 Bh7 26.Nb5 Ne8 27.b4 axb4 28.axb4 Na6 29.Rb1
Qh4 30.Bd3 Qf4+ 31.g3 Qg5 32.Qf2 Qd8 33.Re2 Kh8 34.Rc2 Rxc2 35.Qxc2 g6 36.
g4 Qg5 37.Qf2 f5 38.exf5 Qf4+ 39.Kg1 Nxb4 40.Ng2 Nxd3 41.Nxf4 Nxf2 42.Ne6 
Nxh3+ 43.Kg2 Rg8 44.Kxh3 gxf5 45.Rb4 fxg4+ 46.fxg4 Bd3 47.Nc3 Nf6 48.Rxb7 
Nxg4 49.Rf7 Ne3 50.Rf6 Nf5 51.Kh2 Rc8 52.Na4 Rc2+ 53.Kg1 Rc1+ 54.Kg2 Ne3+ 
55.Kf3 Nxd5 56.Rxh6+ Kg8 57.Nb2 Bf5 58.Ng5 Rc3+ 59.Ke2 Rc2+ 60.Kf3 Rxb2 
61.Rxd6 Rb3+ 62.Kf2 Nf4 63.Nf3 Rb2+ 64.Kf1 Bd3+ 65.Kg1 Ne2+ 66.Kh1 Be4 67.
Kg2 Nd4+ 0-1

[Event "8th Asia-ch"]
[Site "Subic Bay Free Port PHI"]
[Date "2010.04.29"]
[Round "9"]
[White "Torre, Eugenio"]
[Black "Dimakiling, Oliver"]
[Result "0-1"]
[WhiteElo "2506"]
[BlackElo "2441"]
[EventDate "2010.04.21"]
[PlyCount "102"]

1.d4 g6 2.e4 d6 3.Nf3 Bg7 4.Be2 Nd7 5.c3 c6 6.Bg5 Qc7 7.Nbd2 Ngf6 8.O-O 
O-O 9.Re1 b5 10.a4 Rb8 11.axb5 cxb5 12.Bf1 e5 13.Nb3 a6 14.d5 Nb6 15.Qc2 
Nh5 16.Na5 Bd7 17.b3 f5 18.exf5 gxf5 19.Qd1 e4 20.Nh4 Nf6 21.c4 Ng4 22.Rc1
Qc5 23.Qd2 b4 24.Nc6 Bxc6 25.dxc6 f4 26.Bxf4 Rxf4 27.Qxf4 Nxf2 28.Re3 Rf8 
29.Qg3 Ng4 30.Re1 Nxe3 31.Rxe3 Kh8 32.Qh3 Rf6 33.g4 Bh6 34.Ng2 Kg7 35.Be2 
Qd4 36.g5 Bxg5 37.Qg3 Rg6 38.Kf1 Kh8 39.Bh5 Rf6+ 40.Ke1 Bxe3 41.Nxe3 Qc3+ 
42.Ke2 Qxb3 43.c7 Qc3 44.Qh3 Rf8 45.Bg6 Qg7 46.Bxe4 Qxc7 47.Qh6 Re8 48.c5 
dxc5 49.Qf6+ Qg7 50.Qxb6 Qe5 51.Kf2 Qf4+ 0-1

[Event "8th Asia-ch"]
[Site "Subic Bay Free Port PHI"]
[Date "2010.04.29"]
[Round "9"]
[White "Al-Sayed, Mohamad Naser"]
[Black "Nolte, Rolando"]
[Result "1-0"]
[WhiteElo "2503"]
[BlackElo "2420"]
[EventDate "2010.04.21"]
[PlyCount "93"]

1.e4 c5 2.Nf3 d6 3.d4 cxd4 4.Nxd4 Nf6 5.Nc3 a6 6.Be3 e6 7.g4 e5 8.Nf5 g6 
9.g5 gxf5 10.exf5 d5 11.Qf3 d4 12.O-O-O Nbd7 13.Bc4 dxc3 14.Bxf7+ Kxf7 15.
gxf6 Qxf6 16.Qh5+ Ke7 17.Bg5 Rg8 18.Qxh7+ Rg7 19.Bxf6+ Nxf6 20.Qh3 cxb2+ 
21.Kb1 Rg5 22.Qa3+ Kf7 23.Qb3+ Ke8 24.f4 Rxf5 25.fxe5 Rxe5 26.Rhe1 Re7 27.
Qb6 Kf7 28.Rf1 Be6 29.Qd4 Bg7 30.Rxf6+ Bxf6 31.Rf1 Bf5 32.Qd5+ Kg7 33.Qxf5
Rf8 34.Qg4+ Kh8 35.c3 Ref7 36.Rf5 Bg7 37.Qh4+ Kg8 38.Qc4 Bh6 39.Kxb2 Kg7 
40.Qg4+ Kh7 41.Rh5 Rf4 42.Qg5 Rf2+ 43.Kb3 R8f6 44.Qe3 R2f4 45.Qe7+ Kg6 46.
Qe8+ Kg7 47.Qf7+ 1-0

[Event "8th Asia-ch"]
[Site "Subic Bay Free Port PHI"]
[Date "2010.04.29"]
[Round "9"]
[White "Tu Hoang Thong"]
[Black "Battulga, Namhai"]
[Result "0-1"]
[WhiteElo "2483"]
[BlackElo "2357"]
[EventDate "2010.04.21"]
[PlyCount "86"]

1.d4 d5 2.Nf3 Nf6 3.Bf4 e6 4.e3 c5 5.Nbd2 Nc6 6.c3 Bd6 7.Bg3 Qe7 8.Ne5 Nd7
9.Nxc6 bxc6 10.Qa4 Bb7 11.Be2 cxd4 12.cxd4 O-O 13.O-O f6 14.Rac1 e5 15.
dxe5 fxe5 16.Ne4 Bc7 17.Bg4 Nb6 18.Qb3 Ba6 19.Rxc6 Bxf1 20.Kxf1 Kh8 21.Qc2
Nc4 22.Kg1 Bb6 23.h3 Nxe3 24.fxe3 dxe4 25.Qxe4 Rae8 26.Kh2 Qg5 27.Rc3 Qg6 
28.Qxg6 hxg6 29.b4 Rf1 30.a4 a5 31.bxa5 Bxa5 32.Rc6 Bd2 33.e4 Bf4 34.Rxg6 
Rb8 35.Bxf4 exf4 36.Be2 Re1 37.Bb5 Rd8 38.Rg5 Rxe4 39.a5 Rd1 40.Bc6 Ree1 
41.Rh5+ Kg8 42.Bd5+ Kf8 43.Rf5+ Ke7 0-1

[Event "8th Asia-ch"]
[Site "Subic Bay Free Port PHI"]
[Date "2010.04.29"]
[Round "9"]
[White "Pascua, Haridas"]
[Black "Nguyen Anh Dung"]
[Result "0-1"]
[WhiteElo "2358"]
[BlackElo "2464"]
[EventDate "2010.04.21"]
[PlyCount "78"]

1.d4 Nf6 2.Nf3 e6 3.c4 b6 4.g3 Bb7 5.Bg2 Be7 6.O-O O-O 7.Nc3 Ne4 8.Qc2 
Nxc3 9.Qxc3 Be4 10.Rd1 d6 11.b3 Nd7 12.Bb2 c6 13.h4 Rc8 14.Bh3 d5 15.Rac1 
h6 16.Nd2 Bg6 17.a4 a5 18.Qf3 Nf6 19.Qg2 Ne4 20.Nf3 Bd6 21.Ne5 Bxe5 22.
dxe5 Qe7 23.f3 Nc5 24.Ba3 Rfd8 25.Qf2 Qb7 26.Rc3 dxc4 27.Rxd8+ Rxd8 28.
Bxc5 bxc5 29.Rxc4 Qxb3 30.Qxc5 Rd5 31.Qxc6 Qe3+ 32.Kh2 Qxe2+ 33.Bg2 Kh7 
34.h5 Bf5 35.Rc1 Rd2 36.Rg1 Qxe5 37.Qb7 Rd4 38.Qe7 f6 39.Bf1 Rh4+ 0-1

[Event "8th Asia-ch"]
[Site "Subic Bay Free Port PHI"]
[Date "2010.04.29"]
[Round "9"]
[White "Dableo, Ronald"]
[Black "Darini, Pouria"]
[Result "1/2-1/2"]
[WhiteElo "2464"]
[BlackElo "2398"]
[EventDate "2010.04.21"]
[PlyCount "73"]

1.Nf3 Nf6 2.g3 d5 3.Bg2 c6 4.O-O Bf5 5.d3 e6 6.Nbd2 Be7 7.h3 h6 8.Qe1 Bh7 
9.e4 O-O 10.Ne5 Nbd7 11.Nxd7 Nxd7 12.f4 Qb6+ 13.Kh1 Rae8 14.Nb3 Qc7 15.Be3
c5 16.c4 b6 17.Rd1 dxc4 18.dxc4 Nb8 19.Bd2 Nc6 20.g4 a5 21.Nc1 Rd8 22.Bc3 
Rxd1 23.Qxd1 Rd8 24.Qf3 Nd4 25.Qf2 b5 26.b3 bxc4 27.bxc4 f6 28.Nb3 Nxb3 
29.axb3 Qb7 30.Qc2 Rb8 31.f5 Qxb3 32.Qxb3 Rxb3 33.Bxa5 Kf8 34.Bc7 exf5 35.
exf5 Bg8 36.Ra1 Bxc4 37.Ra8+ 1/2-1/2

[Event "8th Asia-ch"]
[Site "Subic Bay Free Port PHI"]
[Date "2010.04.29"]
[Round "9"]
[White "Wang Chen"]
[Black "Barbosa, Oliver"]
[Result "0-1"]
[WhiteElo "2390"]
[BlackElo "2452"]
[EventDate "2010.04.21"]
[PlyCount "134"]

1.e4 d5 2.exd5 Nf6 3.d4 Bg4 4.Be2 Bxe2 5.Qxe2 Qxd5 6.Nf3 c6 7.O-O e6 8.c4 
Qh5 9.Nc3 Bd6 10.Ne5 Qxe2 11.Nxe2 O-O 12.Nf3 Nbd7 13.Bf4 Be7 14.Rac1 Rac8 
15.Rfd1 Rfd8 16.h3 h6 17.Be3 a6 18.Kf1 Nf8 19.Ne5 Ne8 20.g4 f6 21.Nd3 Nd7 
22.Ndf4 Nf8 23.Nd3 Kf7 24.a4 g5 25.Ng3 Ng6 26.Nc5 Rc7 27.Nb3 Rcd7 28.Ne4 
f5 29.Nec5 Rc7 30.d5 cxd5 31.gxf5 exf5 32.cxd5 Rd6 33.f3 Nf6 34.Ne4 Rxd5 
35.Rxd5 Nxd5 36.Rxc7 Nxc7 37.Nec5 b5 38.axb5 axb5 39.Nd3 Nd5 40.Bd2 Bf6 
41.Nbc5 Nge7 42.h4 f4 43.hxg5 hxg5 44.Ne4 Nf5 45.Bc3 Bxc3 46.Nxc3 Nxc3 47.
bxc3 Ke6 48.Ke2 Kd5 49.Nb2 Nd6 50.Nd3 Kc4 51.Kd2 Nf7 52.Kc2 Kd5 53.Nb4+ 
Ke6 54.Kd3 Ne5+ 55.Ke4 Nc4 56.Kd3 Kf5 57.Nc2 Kg6 58.Nd4 Nd6 59.Ne6 Kf6 60.
Nd4 g4 61.fxg4 Kg5 62.Nf3+ Kxg4 63.Ne5+ Kg3 64.Kd4 Nc4 65.Nf7 Nd2 66.Nh6 
f3 67.Ke3 Nc4+ 0-1

[Event "8th Asia-ch"]
[Site "Subic Bay Free Port PHI"]
[Date "2010.04.29"]
[Round "9"]
[White "Habla, Jony"]
[Black "Sharavdorj, Dashzeveg"]
[Result "0-1"]
[WhiteElo "2316"]
[BlackElo "2443"]
[EventDate "2010.04.21"]
[PlyCount "152"]

1.d4 Nf6 2.Nf3 g6 3.Bf4 Bg7 4.e3 d6 5.h3 O-O 6.Be2 c5 7.c3 b6 8.Nbd2 Bb7 
9.O-O Nbd7 10.Qb1 Rc8 11.Rd1 Rc7 12.a4 a6 13.e4 cxd4 14.cxd4 Qa8 15.Bd3 
Nh5 16.Bg5 Re8 17.Qa2 d5 18.e5 f6 19.Be3 fxe5 20.dxe5 Nc5 21.Rf1 Rf8 22.
Rac1 Rcc8 23.a5 Nd7 24.e6 Nc5 25.axb6 Nxe6 26.Nb3 Nhf4 27.Na5 Rcd8 28.Nxb7
Qxb7 29.Bxa6 Qd7 30.b7 Nc7 31.Rxc7 Qxc7 32.Rc1 Ne2+ 33.Bxe2 Qxb7 34.Nd4 
Ra8 35.Qb1 Rfc8 36.Rd1 Rab8 37.Bg4 Rc4 38.Be6+ Kh8 39.Nf3 Qxb2 40.Qd3 Ra4 
41.Qxd5 Ra1 42.Rxa1 Qxa1+ 43.Kh2 Qa8 44.Qg5 Qc6 45.Bd5 Qf6 46.Qg4 Qd6+ 47.
Qg3 Qxg3+ 48.Kxg3 Rd8 49.Be6 Bf6 50.Bf4 Kg7 51.h4 Rd3 52.Kh2 Ra3 53.Be3 
Ra6 54.Bc4 Ra4 55.Bb5 Rb4 56.Bc6 Bxh4 57.Nxh4 Rxh4+ 58.Kg3 Rb4 59.f3 Kf6 
60.Be4 e5 61.Bh6 Rb2 62.Bd5 Rb5 63.Bg8 Rb8 64.Bd5 Rd8 65.Be4 Rd1 66.Be3 h5
67.Bc5 Rd2 68.Bb4 Rd4 69.Bc3 Rc4 70.Ba5 Rd4 71.Kh4 Rd1 72.Bd3 Rh1+ 73.Kg3 
g5 74.Kf2 Rd1 75.Ke2 Rg1 76.Kf2 Rd1 0-1